| 000 | 00536nam a22001937a 4500 | ||
|---|---|---|---|
| 005 | 20260306123526.0 | ||
| 008 | 260305b |||||||| |||| 00| 0 eng d | ||
| 020 | _a9789391076450 | ||
| 040 | _cFLL | ||
| 041 |
_2eng _aeng |
||
| 084 | _aY:45:61:(Z).2 R3 | ||
| 100 |
_aVerma Manish _91123613 |
||
| 245 |
_aEncyclopedia on Police Laws _bAs Applicable to Delhi, Haryana, Punjab and Chandigarh |
||
| 250 | _a1st. | ||
| 260 |
_aDelhi _bWhitesmann _c2023 |
||
| 300 | _alviii,1614p | ||
| 650 |
_aCriminal _91123614 |
||
| 942 |
_2CC _cREF |
||
| 999 |
_c1688474 _d1688474 |
||